Регионална библиотека "Любен Каравелов" - Русе

И отново Маншон, Полуобувка и Мъхеста брада (Запис номер 145324)

MARC детайли
000 -Лидер
Контролно поле с фиксирана дължина 01546nam a2200349 a 4500
003 - Код на организацията, давaща контролен номер
Контролно поле BLK
005 - Дата и час на последна редакция
Контролно поле 20230802124758.0
008 - Елементи от данни с фиксирана дължина
fixed length control field 180410b bul|||||r ||||||| ||bul||
010 ## - Наследен системен номер
LC control number KNG00151497000
040 ## - Източник на каталожния запис
Идентификатор на билиотеката - собственик на записа BLK
041 ## - Код за език
Код за езика на текст/звукозапис или на отделно заглавие Български
Код за езика КДБФ Български
080 ## - УДК
Текстов определител УДК Естонска литература
УДК код - определител по УДК 821.511.113
УДК определител -93-32
УДК - код + определител 821.511.113-93-32
100 1# - Редна дума - Автор
Автор Рауд, Ено
Авторска отговорност първи автор
R(LIN) 115364
139 ## - Редно поле
Редна дума Рауд, Ено
Авторски знак Рас - Р 38
245 10 - Сведения за заглавието
Заглавие И отново Маншон, Полуобувка и Мъхеста брада
Подзаглавни данни Приказна повест
Редно поле (дума) Ено Рауд; прев. от ест. Дора Стоянова Янева-Медникарова; худож. Едгар Валтер.
257 ## - Страна на издаване
Страна на създаване/издаване Естония
260 ## - Област на издателските данни
Място на издаване, разпространение и проч. София
Име на издателя, разпространителя и проч. Периодика
-- Отечество
Година на издаване 1988
Печатница отпеч. в СССР
300 ## - Физическа характеристика
Страници 272 с.
Илюстрации и др. с ил.
Размери/Мащаб 22 см
380 ## - Жанр
Жанр Детска худож. лит.
500 ## - Общи забележки
Забележка Ориг. загл. Jalle need naksitrallid / Eno Raud.
653 ## - Ключова дума – ненормативна
Ключова дума детска литература
653 ## - Ключова дума – ненормативна
Ключова дума литература за деца
700 1# - Други автори (авторска отговорност)
Лично име Янева-Медникарова, Дора Стоянова
Автороска отговорност (Описва отношението между автора и произведението) прев. от ест.
9 (RLIN) 365173
700 1# - Други автори (авторска отговорност)
Лично име Валтер, Едгар
Автороска отговорност (Описва отношението между автора и произведението) худож.
9 (RLIN) 328608
852 ## - Местоположение
Форматна сигнатура Цб 262625
856 4# - Електронен адрес и достъп
Електронен формат pdf - файл
Инструкция (цена за достъп) 1.55
Права за достъп disable
856 4# - Електронен адрес и достъп
Електронен формат pdf - файл
Инструкция (цена за достъп) 1.55
Права за достъп disable
999 ## - СИСТЕМНИ КОНТРОЛНИ НОМЕРА
Koha biblionumber 145324
Koha biblioitemnumber 145324
942 ## - АРТИКУЛИ
Вид на библиотечния материал Книги
Скрит в OPAC Не
Периодичен библиозапис Да
Koha issues (borrowed), all copies 1
944 ## - СЪЗДАВАНЕ И РЕДАКЦИЯ на ЗАПИСА
Създаване/Редакция Създаване
Дата на регистрацията/редакция 07.10.2013
Статус, дата на статуса Грета Цуфелде
Служител, извършил регистрацията/редакцията 30537
944 ## - СЪЗДАВАНЕ И РЕДАКЦИЯ на ЗАПИСА
Създаване/Редакция Редакция
Дата на регистрацията/редакция 07.10.2013
Статус, дата на статуса 07.10.2013 - от С1,Р / 07.10.2013
999 ## - СИСТЕМНИ КОНТРОЛНИ НОМЕРА
Koha biblioitemnumber 145324
Наличности
Код за отписване Код за изгубен артикул Източник на класификационната схема Код за повреда Коз за рестрикции Код за отдаване Артикулен № Име на библиотеката - собственик Име на библиотеката, в която се намира в момента Статус (Текущо местоположение) Дата на вписване в системата Местоположение - отдел Цена в лева Инвентарен номер Систематично азбучна сигнатура Баркод Номер на екземпляра Цена в евро Служебна бележка Служебен тип на артикула
  Не е изгубен Universal Decimal Classification Не е повреден без рестрикции ползва се в читалня 241349 Регионална библиотека "Любен Каравелов" Русе Регионална библиотека "Любен Каравелов" Русе Хранилище 1988-01-01 Хранилище 1.55 510558 Цб 262625 120000510558 1 0.79 N: стар фонд Дата: 01.01.1988 Книги
Изтеглен Не е изгубен Universal Decimal Classification Не е повреден без рестрикции заемане за дома 241350 Регионална библиотека "Любен Каравелов" Русе Регионална библиотека "Любен Каравелов" Русе Детски отдел 1988-01-01 Детски отдел 1.55 510559 ДХ 820/899/Р 38 510559 2 0.79 N: стар фонд Дата: 01.01.1988 Дата инв: 14.09.2015 Бележки инв: Д2015 Книги
Изтеглен Не е изгубен Universal Decimal Classification Не е повреден без рестрикции заемане за дома 241351 Регионална библиотека "Любен Каравелов" Русе Регионална библиотека "Любен Каравелов" Русе Детски отдел 1988-01-01 Детски отдел 1.55 510564 ДХ 820/899/Р 38 510564 3 0.79 N: стар фонд Дата: 01.01.1988 Дата инв: 10.08.2015 Бележки инв: Д2015 Книги
Изтеглен Не е изгубен Universal Decimal Classification Не е повреден без рестрикции заемане за дома 241352 Регионална библиотека "Любен Каравелов" Русе Регионална библиотека "Любен Каравелов" Русе Детски отдел 1988-01-01 Детски отдел 1.55 510565 ДХ 820/899/Р 38 510565 4 0.79 N: стар фонд Дата: 01.01.1988 Дата инв: 14.09.2015 Бележки инв: Д2015 Книги
Изтеглен Не е изгубен Universal Decimal Classification Не е повреден без рестрикции заемане за дома 241353 Регионална библиотека "Любен Каравелов" Русе Регионална библиотека "Любен Каравелов" Русе Детски отдел 1988-01-01 Детски отдел 1.55 560719 ДХ 820/899/Р 38 560719 5 0.79 N: стар фонд Дата: 01.01.1988 Дата инв: 14.09.2015 Бележки инв: Д2015 Книги
  Не е изгубен Universal Decimal Classification Не е повреден без рестрикции заемане за дома 241354 Регионална библиотека "Любен Каравелов" Русе Регионална библиотека "Любен Каравелов" Русе Детски отдел 1988-01-01 Детски отдел 3.00 645736 ДХ 820/899/Р 38 120000645736 6 1.53 N: стар фонд Дата: 01.01.1988 Дата инв: 10.08.2015 Бележки инв: Д2015 Книги
Vip Innovations Ltd, Rousse, Bulgaria 2025